000 00493nam a2200169 a 4500
001 2232
005 20140414131954.0
008 001115s19uu xx 00 eng d
020 _a0-676-35898-5
050 _aTR 421.07
_bV55 1989
100 _aVenezky, Richard L.
245 _aSpelling in the content area /
_cRichard L. Venezky.
260 _a[s.l.] :
_bRandom House,
_c1989.
300 _a128 p. ; cm.
650 _aEnglish language -- spelling -- study and teaching.
999 _c112869
_d112869